Ventana al mundo 6 bonaerense : el manual de aique
Guardado en:
| Formato: | Libro |
|---|---|
| Publicado: |
Buenos Aires :
Aique
|
| Materias: | |
| Etiquetas: |
Agregar Etiqueta
Sin Etiquetas, Sea el primero en etiquetar este registro!
|
| LEADER | 00897nam a22002415a 4500 | ||
|---|---|---|---|
| 001 | CEM.cems012584 | ||
| 005 | 20070823184626.0 | ||
| 008 | 130507b######################000#0#####d | ||
| 003 | CEMS | ||
| 082 | 0 | 4 | |a SG372.242 |
| 245 | 0 | 0 | |a Ventana al mundo 6 bonaerense : |b el manual de aique |
| 260 | |a Buenos Aires : |b Aique | ||
| 300 | |a 461 p. | ||
| 505 | 0 | |a Ciencias sociales / Susana Pasel -- Ciencias naturales / Ana Espinoza y Laura Lacreu -- Lengua / Ana Arias y María Inés Bogomolny -- Matemática / Susana Muraro y Graciela Deni | |
| 653 | |a Educación | ||
| 653 | |a Educación primaria | ||
| 653 | |a Educación-2º egb | ||
| 653 | |a Ciencias sociales-2º egb | ||
| 653 | |a Ciencias naturales-2º egb | ||
| 653 | |a Matemática-2º egb | ||
| 653 | |a Lengua-2º egb | ||
| 653 | |a Biblioteca maría de los angeles saggio | ||
| 859 | |a CEMS |b BIB. CEMS - 11 de abril |h SG372.242 |i V565 |p 23773.07 |t Ej.1 |v 6º |3 6º | ||
